STI2D name - Statistiques

Statistiques générales
  • Ce quiz a été pris 9 fois
  • Le résultat moyen est 6 sur 15
Statistiques - réponses
Hint Réponse % Correct
M2 mathis
71%
J julien
57%
T2 tom
57%
M1 matheo
43%
R2 romain
43%
A3 alan
29%
A2 amelie
29%
A1 arthus
29%
E etan
29%
L2 leny
29%
L1 leo
29%
N nathan
29%
R1 raumanne
29%
T3 tiziano
29%
T1 tristan
29%
Aucun quiz correspondant
Distribution des résultats
% des personnes avec chaque résultat
Percentile par nombre de réponses
Votre historique - résultats
Vous n’avez pas pris ce quiz